Pays les plus proches de l'URSS - Statistiques

Statistiques générales
  • Ce quiz a été pris 777 fois
  • Le résultat moyen est 13 sur 20
Statistiques - réponses
km pays % Correct
0 Chine
93%
0 Pologne
82%
0 Mongolie
81%
0 Finlande
79%
0 Corée du Nord
77%
0 Turquie
73%
0 Norvège
72%
43 Japon
71%
0 Roumanie
71%
208 Suède
71%
277 Inde
65%
0 Iran
65%
0 Afghanistan
63%
17 Pakistan
59%
0 Hongrie
58%
211 Irak
56%
147 Bulgarie
55%
4 Etats-Unis
45%
284 Yougoslavie
42%
0 Tchécoslovaquie
34%
Aucun quiz correspondant
Distribution des résultats
% des personnes avec chaque résultat
Percentile par nombre de réponses
Votre historique - résultats
Vous n’avez pas pris ce quiz